| 000 | 01507nam a2200385 a 4500 | ||
|---|---|---|---|
| 001 | ebr10302849 | ||
| 003 | CaPaEBR | ||
| 006 | m u | ||
| 007 | cr cn||||||||| | ||
| 008 | 090205r20081976enkb sb 001 0 eng d | ||
| 010 | _z 2009275442 | ||
| 020 | _z086372325X | ||
| 020 | _z9780863723254 | ||
| 040 |
_aCaPaEBR _cCaPaEBR |
||
| 035 | _a(OCoLC)560671718 | ||
| 043 |
_aa-tu--- _ae-uk--- _aa-iq--- |
||
| 050 | 1 | 4 |
_aDA47.9.T8 _bC63 2008eb |
| 082 | 0 | 4 |
_a327.567/404109041 _222 |
| 100 | 1 |
_aCohen, Stuart, _d1946- |
|
| 245 | 1 | 0 |
_aBritish policy in Mesopotamia, 1903-1914 _h[electronic resource] / _cStuart A. Cohen. |
| 250 | _a1st pbk. ed. | ||
| 260 |
_aReading, UK : _bIthaca Press, _cc2008. |
||
| 300 |
_axiii, 265 p. : _bmaps. |
||
| 500 | _aFirst published in 1976. | ||
| 504 | _aIncludes bibliographical references (p. 239-258) and index. | ||
| 533 |
_aElectronic reproduction. _bPalo Alto, Calif. : _cebrary, _d2013. _nAvailable via World Wide Web. _nAccess may be limited to ebrary affiliated libraries. |
||
| 651 | 0 |
_aGreat Britain _xForeign relations _zTurkey. |
|
| 651 | 0 |
_aTurkey _xForeign relations _zGreat Britain. |
|
| 651 | 0 |
_aGreat Britain _xForeign relations _y1901-1910. |
|
| 651 | 0 |
_aGreat Britain _xForeign relations _y1910-1936. |
|
| 651 | 0 |
_aIraq _xHistory _y1534-1921. |
|
| 655 | 7 |
_aElectronic books. _2local |
|
| 710 | 2 | _aebrary, Inc. | |
| 856 | 4 | 0 |
_uhttp://site.ebrary.com/lib/rucke/Doc?id=10302849 _zAn electronic book accessible through the World Wide Web; click to view |
| 999 |
_c69536 _d69536 |
||